LIBRARY & INFORMATION CENTRE, KCAET, TAVANUR

ONLINE PUBLIC ACCESS CATALOGUE (OPAC)

Irrigation Management: Principles and Practices (Record no. 14719)

MARC details
000 -LEADER
fixed length control field 00400nam a22001217a 4500
020 ## - INTERNATIONAL STANDARD BOOK NUMBER
ISBN 9781845935160
082 ## - DEWEY DECIMAL CLASSIFICATION NUMBER
Classification number 333.913
Item number BUR/IR
100 ## - MAIN ENTRY--AUTHOR NAME
Personal name Burton,Martin
245 ## - TITLE STATEMENT
Title Irrigation Management: Principles and Practices
260 ## - PUBLICATION, DISTRIBUTION, ETC. (IMPRINT)
Place of publication Oxfordshire
Name of publisher Cabi international
Year of publication 2010
300 ## - PHYSICAL DESCRIPTION
Number of Pages 375
942 ## - ADDED ENTRY ELEMENTS (KOHA)
Koha item type Book Bank scheme for SC students
Holdings
Withdrawn status Lost status Damaged status Collection code Home library Current library Shelving location Date acquired Source of acquisition Cost, normal purchase price Full call number Accession Number Koha item type
        KAUAET KAUAET Scheme 22/08/2016 Dream Tech, Trivandrum. 695.00 333.913 BUR/IR BB 289 Book Bank scheme for SC students
free website counter